| Tag |
First Indicator |
Second Indicator |
Subfields |
| LEADER |
00000cam a2200000 a 4500 |
| 001 |
in00000008999 |
| 005 |
20151007051445.0 |
| 008 |
870821s1988 nyua b 10100 eng |
| 010 |
|
|
|a 87023431
|
| 020 |
|
|
|a 0387965475 :
|c $98.00
|
| 035 |
|
|
|a (OCoLC)16647821
|
| 035 |
|
|
|9 AAA3070AM
|
| 040 |
|
|
|a DLC
|c DLC
|d TXA
|d UtOrBLW
|
| 043 |
|
|
|a n-us-nc
|
| 049 |
|
|
|a TXAM
|c [A12637226]
|
| 050 |
0 |
0 |
|a GB705.N8
|b F67 1988
|
| 082 |
0 |
|
|a 551.48/0915/2
|2 19
|
| 245 |
0 |
0 |
|a Forest hydrology and ecology at Coweeta /
|c Wayne T. Swank, D.A. Crossley, Jr., editors.
|
| 264 |
|
1 |
|a New York :
|b Springer-Verlag,
|c [1988]
|
| 264 |
|
4 |
|c ©1988
|
| 300 |
|
|
|a xvii, 469 pages :
|b illustrations ;
|c 25 cm.
|
| 336 |
|
|
|a text
|b txt
|2 rdacontent
|
| 337 |
|
|
|a unmediated
|b n
|2 rdamedia
|
| 338 |
|
|
|a volume
|b nc
|2 rdacarrier
|
| 490 |
1 |
|
|a Ecological studies ;
|v v. 66
|
| 500 |
|
|
|a "Based on papers presented during a 3-day symposium held in Athens, Georgia, in October 1984 to commemorate 50 years of research at the Coweeta Hydrologic Laboratory"--Pref.
|
| 504 |
|
|
|a Bibliography: pages [425]-459.
|
| 500 |
|
|
|a Includes index.
|
| 650 |
|
0 |
|a Forest hydrology
|z North Carolina
|x Congresses.
|
| 650 |
|
0 |
|a Forest ecology
|z North Carolina
|x Congresses.
|
| 610 |
2 |
0 |
|a Coweeta Hydrologic Laboratory (U.S.)
|x Congresses.
|
| 700 |
1 |
|
|a Swank, Wayne T.
|
| 700 |
1 |
|
|a Crossley, D. A.
|
| 710 |
2 |
|
|a Coweeta Hydrologic Laboratory (U.S.)
|
| 830 |
|
0 |
|a Ecological studies ;
|v v. 66.
|
| 999 |
|
|
|a MARS
|
| 999 |
f |
f |
|s 9e376a59-419c-3ff1-87bf-ac4df07e0c55
|i e7a2b96d-3bff-3696-9c27-335c4ed007d7
|t 0
|
| 952 |
f |
f |
|p ric
|a Texas A&M University
|b Rellis Campus
|c Joint Library Facility
|d Remote Storage
|t 0
|e GB705.N8 F67 1988
|h Library of Congress classification
|i unmediated -- volume
|m A14812637226
|
| 998 |
f |
f |
|a GB705.N8 F67 1988
|t 0
|l Remote Storage
|